[Event "4NCL 3 South pool A"]
[Site "Telford, ENG ENG"]
[Date "2016.01.17"]
[Round "4.85"]
[White "Byron, Alan M"]
[Black "Scott, David A"]
[Result "1/2-1/2"]
[WhiteElo "2175"]
[BlackElo "2099"]
[PlyCount "37"]
[EventDate "2016.01.17"]
[WhiteTeam "The Rookies"]
[BlackTeam "Oxford 2"]

1. c4 c5 2. g3 g6 3. Bg2 Bg7 4. Nf3 Nc6 5. Nc3 e5 6. d3 Nge7 7. O-O d6 8. Ne1
Be6 9. Nc2 d5 10. cxd5 Nxd5 11. Ne3 Nde7 12. Ne4 b6 13. b3 O-O 14. Bb2 h6 15.
Nc4 Bd5 16. Ne3 Be6 17. Nc4 Bd5 18. Ne3 Be6 19. Nc4 1/2-1/2

[Event "4NCL 3 South pool A"]
[Site "Telford, ENG ENG"]
[Date "2016.01.17"]
[Round "4.86"]
[White "Dickinson, Tim R"]
[Black "Jones, Christopher M"]
[Result "1/2-1/2"]
[WhiteElo "2108"]
[BlackElo "2122"]
[PlyCount "59"]
[EventDate "2016.01.17"]
[WhiteTeam "Oxford 2"]
[BlackTeam "The Rookies"]

1. e4 e5 2. Nf3 Nc6 3. Bb5 f5 4. d3 Nf6 5. Nc3 Bc5 6. O-O O-O 7. exf5 d6 8.
Bxc6 bxc6 9. d4 Bb6 10. dxe5 dxe5 11. Qxd8 Rxd8 12. Nxe5 Bxf5 13. Nxc6 Re8 14.
Nb4 Rad8 15. Be3 a5 16. Nd3 Bxd3 17. cxd3 Bxe3 18. fxe3 Rxe3 19. Ne4 Nxe4 20.
dxe4 Re2 21. Rf2 Rxf2 22. Kxf2 Rd2+ 23. Kf3 Rxb2 24. Rc1 Rxa2 25. Rxc7 a4 26.
Ra7 a3 27. e5 Ra1 28. e6 Kf8 29. g4 a2 30. Kg2 1/2-1/2

[Event "4NCL 3 South pool A"]
[Site "Telford, ENG ENG"]
[Date "2016.01.17"]
[Round "4.87"]
[White "Compton, Alistair"]
[Black "Brackmann, Hendrik"]
[Result "1/2-1/2"]
[WhiteElo "2094"]
[BlackElo "2003"]
[PlyCount "28"]
[EventDate "2016.01.17"]
[WhiteTeam "The Rookies"]
[BlackTeam "Oxford 2"]

1. e4 c5 2. f4 d5 3. exd5 Nf6 4. Nf3 Nxd5 5. Bc4 Nb6 6. Bb5+ Bd7 7. Bxd7+ N6xd7
8. O-O e6 9. d3 Be7 10. Nbd2 O-O 11. a4 Nc6 12. Nc4 Nf6 13. Nfe5 Rc8 14. Kh1
Nd5 1/2-1/2

[Event "4NCL 3 South pool A"]
[Site "Telford, ENG ENG"]
[Date "2016.01.17"]
[Round "4.88"]
[White "Cole, James"]
[Black "Jaszkiwskyj, Peter"]
[Result "1/2-1/2"]
[WhiteElo "1960"]
[BlackElo "1982"]
[PlyCount "81"]
[EventDate "2016.01.17"]
[WhiteTeam "Oxford 2"]
[BlackTeam "The Rookies"]

1. e4 e6 2. d3 d5 3. Nd2 c5 4. Ngf3 Nc6 5. g3 Nge7 6. Bg2 g6 7. O-O Bg7 8. Re1
Bd7 9. c3 a5 10. a4 O-O 11. Qc2 Rb8 12. Nf1 b5 13. exd5 exd5 14. Bf4 Rb6 15.
axb5 Rxb5 16. Ne5 Be6 17. Qa4 Qb6 18. Nxc6 Nxc6 19. Ra2 Rc8 20. Re2 Bf5 21.
Bxd5 Bxd3 22. Rd2 Bb1 23. Ra1 Bf5 24. Ne3 Rxb2 25. Rxb2 Qxb2 26. Nxf5 gxf5 27.
Bxc6 Rxc6 28. Qxc6 Qxa1+ 29. Kg2 Qb1 30. Qc8+ Bf8 31. Bh6 Qe4+ 32. f3 Qe2+ 33.
Kh3 Qe7 34. Bxf8 Qxf8 35. Qxf5 Qh6+ 36. Kg2 Qd2+ 37. Kh3 Qh6+ 38. Kg2 Qd2+ 39.
Kh3 Qxc3 40. Qg5+ Kf8 41. Qd8+ 1/2-1/2

[Event "4NCL 3 South pool A"]
[Site "Telford, ENG ENG"]
[Date "2016.01.17"]
[Round "4.89"]
[White "Gibson, Christopher A"]
[Black "Kozera, Aleksandra"]
[Result "1-0"]
[WhiteElo "1939"]
[BlackElo "1881"]
[PlyCount "73"]
[EventDate "2016.01.17"]
[WhiteTeam "The Rookies"]
[BlackTeam "Oxford 2"]

1. e4 c6 2. d4 d5 3. exd5 cxd5 4. c4 Nf6 5. Nc3 e6 6. Nf3 Qa5 7. Bd2 Bb4 8. a3
Bxc3 9. bxc3 Ne4 10. Bd3 Nxd2 11. Qxd2 dxc4 12. Bxc4 Nd7 13. O-O O-O 14. Rfe1
Qc7 15. Bd3 h6 16. Rac1 b6 17. Bb1 Nf6 18. Ne5 Rd8 19. f4 Bb7 20. f5 exf5 21.
Bxf5 Re8 22. Re3 Rad8 23. Rce1 Qd6 24. Bb1 Kf8 25. Qf2 Qc7 26. Ba2 Rxe5 27.
Rxe5 Ng4 28. Qf5 Nxe5 29. Rxe5 Kg8 30. Bb1 g6 31. Qf6 Bd5 32. Bxg6 Be6 33. Bd3
Rd5 34. Rxe6 fxe6 35. Qxe6+ Qf7 36. Qxf7+ Kxf7 37. Bc4 1-0

[Event "4NCL 3 South pool A"]
[Site "Telford, ENG ENG"]
[Date "2016.01.17"]
[Round "4.90"]
[White "Neatherway, A Philip"]
[Black "Ressel, Eva"]
[Result "1-0"]
[WhiteElo "1840"]
[BlackElo "1611"]
[PlyCount "61"]
[EventDate "2016.01.17"]
[WhiteTeam "Oxford 2"]
[BlackTeam "The Rookies"]

1. e4 e5 2. Nf3 Nc6 3. Bb5 f5 4. Nc3 fxe4 5. Nxe4 Nf6 6. d3 d5 7. Nc3 Bc5 8.
Bg5 O-O 9. Bxc6 bxc6 10. Qe2 Qe8 11. O-O-O Ng4 12. Bh4 Ba6 13. h3 e4 14. hxg4
exf3 15. Qxe8 Raxe8 16. gxf3 Rxf3 17. d4 Bb4 18. Bg3 Bxc3 19. bxc3 Rxc3 20.
Rhe1 Re4 21. Rxe4 dxe4 22. Kb2 Rc4 23. c3 c5 24. d5 e3 25. fxe3 Rxg4 26. Bxc7
Bc4 27. d6 Rg2+ 28. Kc1 Rxa2 29. Kb1 Ra3 30. d7 Ba2+ 31. Kb2 1-0

[Event "4NCL 3 South pool A"]
[Site "Telford, ENG ENG"]
[Date "2016.02.14"]
[Round "6.56"]
[White "Trevelyan, John"]
[Black "Cooper, Lawrence H"]
[Result "0-1"]
[WhiteElo "2087"]
[BlackElo "2350"]
[PlyCount "66"]
[EventDate "2016.02.14"]
[WhiteTeam "Rhyfelwyr Essyllwg"]
[BlackTeam "Midland Monarchs 1"]

1. d4 Nf6 2. c4 e6 3. Nf3 Bb4+ 4. Bd2 Qe7 5. a3 Bxd2+ 6. Nbxd2 d6 7. e4 e5 8.
d5 O-O 9. g3 a5 10. b3 Na6 11. b4 Bg4 12. Rb1 Nxe4 13. Nxe4 f5 14. h3 fxe4 15.
hxg4 exf3 16. Rb3 axb4 17. axb4 e4 18. Qb1 Qf6 19. Qb2 Qg6 20. Rh4 Nb8 21. Re3
Nd7 22. g5 Qxg5 23. Rhxe4 Ne5 24. Bh3 Qf6 25. Rxe5 dxe5 26. Qxe5 Ra1+ 27. Kd2
Ra2+ 28. Ke1 Qxe5 29. Rxe5 Rb2 30. Be6+ Kh8 31. Bg4 Rxb4 32. Bxf3 Rxc4 33. Re7
b6 0-1

[Event "4NCL 3 South pool A"]
[Site "Telford, ENG ENG"]
[Date "2016.02.14"]
[Round "6.57"]
[White "Green, Michael"]
[Black "Kirby, Peter J"]
[Result "1/2-1/2"]
[WhiteElo "2027"]
[BlackElo "2015"]
[PlyCount "61"]
[EventDate "2016.02.14"]
[WhiteTeam "Midland Monarchs 1"]
[BlackTeam "Rhyfelwyr Essyllwg"]

1. Nf3 Nf6 2. c4 g6 3. b4 Bg7 4. Bb2 O-O 5. g3 d6 6. Bg2 e5 7. d3 a5 8. a3 e4
9. dxe4 Nxe4 10. Bxg7 Kxg7 11. Nbd2 Nc3 12. Qc1 Qf6 13. b5 Nd7 14. Nb3 Re8 15.
Nbd4 Ne4 16. O-O Ndc5 17. Qc2 Bd7 18. Rad1 Ng5 19. Nxg5 Qxg5 20. f4 Qh5 21. f5
Re3 22. Rf3 Rxf3 23. Bxf3 Qg5 24. Qc3 Kg8 25. fxg6 hxg6 26. Bd5 Be6 27. e4 Na4
28. Qb3 Nc5 29. Qc3 Na4 30. Qb3 Nc5 31. Qc3 1/2-1/2

[Event "4NCL 3 South pool A"]
[Site "Telford, ENG ENG"]
[Date "2016.02.14"]
[Round "6.58"]
[White "Van Kemenade, Rudy"]
[Black "Serbanescu, Diana-Maria"]
[Result "0-1"]
[WhiteElo "1967"]
[BlackElo "2032"]
[PlyCount "82"]
[EventDate "2016.02.14"]
[WhiteTeam "Rhyfelwyr Essyllwg"]
[BlackTeam "Midland Monarchs 1"]

1. d4 Nf6 2. c4 g6 3. Nc3 Bg7 4. e4 d6 5. f3 O-O 6. Be3 c6 7. Qd2 a6 8. a4 Nbd7
9. Bd3 Rb8 10. Nge2 Re8 11. O-O b6 12. Kh1 e5 13. d5 cxd5 14. cxd5 Nc5 15. Bc2
Bd7 16. b4 Nb7 17. Bd3 a5 18. Nb5 axb4 19. Qxb4 Nc5 20. Bc2 Bxb5 21. Qxb5 Nfd7
22. Nc3 Qh4 23. g3 Qh3 24. Bd1 f5 25. Be2 f4 26. Bf2 fxg3 27. Bxg3 Nf6 28. Qc6
Nb3 29. Qxd6 Nh5 30. Bf2 Nf4 31. Rg1 Nxa1 32. Rg3 Qc8 33. Qb4 Nc2 34. Qb2 Nxe2
35. Nxe2 Qc4 36. Nc3 Qf1+ 37. Bg1 Nd4 38. d6 Red8 39. Qa2+ Kh8 40. Qd5 Nxf3 41.
Rxf3 Qxf3# 0-1

[Event "4NCL 3 South pool A"]
[Site "Telford, ENG ENG"]
[Date "2016.02.14"]
[Round "6.59"]
[White "Munshi, Aditya"]
[Black "Hatchett, Paul"]
[Result "1/2-1/2"]
[WhiteElo "1930"]
[BlackElo "1983"]
[PlyCount "71"]
[EventDate "2016.02.14"]
[WhiteTeam "Midland Monarchs 1"]
[BlackTeam "Rhyfelwyr Essyllwg"]

1. d4 Nf6 2. Nf3 g6 3. Bf4 Bg7 4. e3 O-O 5. Be2 c5 6. c3 d6 7. h3 Qb6 8. Qc1
Nc6 9. Nbd2 cxd4 10. exd4 d5 11. O-O Nh5 12. Nb3 Nxf4 13. Qxf4 a5 14. Qd2 a4
15. Nc5 e5 16. Rac1 e4 17. Ne1 Qa5 18. Bd1 b5 19. Nc2 Bf5 20. Nb4 Nxb4 21. cxb4
Qb6 22. Be2 Kh8 23. f4 Rab8 24. Qe3 Qf6 25. Rfd1 Bh6 26. Kh2 g5 27. g3 gxf4 28.
gxf4 Qh4 29. Rf1 Rg8 30. Rf2 Rb6 31. Rg1 Rxg1 32. Kxg1 Bg7 33. Bf1 h6 34. Rg2
Kh7 35. a3 Qf6 36. Rd2 1/2-1/2

[Event "4NCL 3 South pool A"]
[Site "Telford, ENG ENG"]
[Date "2016.02.14"]
[Round "6.60"]
[White "Taylor, Robert Graham"]
[Black "Mirza, Diana"]
[Result "1/2-1/2"]
[WhiteElo "1992"]
[BlackElo "1872"]
[PlyCount "68"]
[EventDate "2016.02.14"]
[WhiteTeam "Rhyfelwyr Essyllwg"]
[BlackTeam "Midland Monarchs 1"]

1. Nf3 c5 2. d4 Nf6 3. g3 g6 4. Bg2 Bg7 5. O-O O-O 6. c4 d6 7. Nc3 Nc6 8. d5
Na5 9. Qd3 a6 10. h3 Rb8 11. e4 b5 12. Nd2 Bd7 13. Rb1 bxc4 14. Nxc4 Nxc4 15.
Qxc4 Bb5 16. Nxb5 axb5 17. Qc2 Nd7 18. Rd1 Qb6 19. a3 Rfc8 20. Be3 Ne5 21. f4
Nc4 22. Bc1 Bd4+ 23. Kh2 Ne3 24. Bxe3 Bxe3 25. Qd3 Bd4 26. Rd2 Bg7 27. Qe2 b4
28. axb4 Qxb4 29. Rc2 Qb5 30. Qxb5 Rxb5 31. Bf1 Rb3 32. Bc4 Rb6 33. Kg2 Ra8 34.
b3 Bd4 1/2-1/2

[Event "4NCL 3 South pool A"]
[Site "Telford, ENG ENG"]
[Date "2016.02.14"]
[Round "6.65"]
[White "Hall, John"]
[Black "Wallis, Ian J"]
[Result "1-0"]
[WhiteElo "2181"]
[BlackElo "2125"]
[PlyCount "85"]
[EventDate "2016.02.14"]
[WhiteTeam "Leeds University Old Boys"]
[BlackTeam "Anglian Avengers 2"]

1. e4 e5 2. Nf3 Nc6 3. Bb5 a6 4. Ba4 Nf6 5. O-O Be7 6. Re1 b5 7. Bb3 d6 8. c3
O-O 9. h3 Bb7 10. d4 Re8 11. Nbd2 Bf8 12. d5 Ne7 13. Nf1 h6 14. Ng3 c6 15. dxc6
Bxc6 16. Nh2 Ng6 17. Ng4 Bd7 18. Qf3 Be6 19. Nxf6+ Qxf6 20. Qxf6 gxf6 21. Be3
Red8 22. Red1 Ne7 23. Rd2 f5 24. exf5 Nxf5 25. Nxf5 Bxf5 26. Bd5 Rab8 27. Ba7
Rbc8 28. Bb7 Rc4 29. Bxa6 Ra4 30. Bb6 Ra8 31. Bxb5 Rxa2 32. Rxa2 Rxa2 33. Bc7
Be6 34. c4 Kg7 35. c5 dxc5 36. Bxe5+ Kg6 37. g4 c4 38. Rd8 Ra5 39. Rxf8 Rxb5
40. f4 Rd5 41. f5+ Kg5 42. fxe6 Rxe5 43. exf7 1-0

[Event "4NCL 3 South pool A"]
[Site "Telford, ENG ENG"]
[Date "2016.02.14"]
[Round "6.66"]
[White "Myall, Ivan J"]
[Black "Mossong, Hubert"]
[Result "1-0"]
[WhiteElo "2087"]
[BlackElo "2028"]
[PlyCount "71"]
[EventDate "2016.02.14"]
[WhiteTeam "Anglian Avengers 2"]
[BlackTeam "Leeds University Old Boys"]

1. e4 d6 2. d4 Nf6 3. Nc3 c6 4. f4 Qa5 5. Bd3 e5 6. Nf3 Bg4 7. Be3 Nbd7 8. O-O
Be7 9. Qd2 Bxf3 10. Rxf3 Ng4 11. Kh1 Nxe3 12. Qxe3 exd4 13. Qxd4 Bf6 14. e5
dxe5 15. fxe5 Bxe5 16. Qh4 g6 17. Raf1 O-O 18. Bc4 Qd8 19. Qf2 Nb6 20. Bxf7+
Kg7 21. Bb3 Rxf3 22. Qxf3 Qe7 23. Qe2 Rf8 24. Re1 Qc7 25. g3 Re8 26. Qf3 Re7
27. Rf1 Qd8 28. Ne4 Nd5 29. Qd3 Bc7 30. Ng5 h6 31. Ne4 Nb6 32. Qf3 Nd5 33. Nc5
Bb6 34. Ne6+ Rxe6 35. Qf7+ Kh8 36. Qxe6 1-0

[Event "4NCL 3 South pool A"]
[Site "Telford, ENG ENG"]
[Date "2016.02.14"]
[Round "6.67"]
[White "Wojciechowski, Paul"]
[Black "Burnett, Leon P"]
[Result "1/2-1/2"]
[WhiteElo "1999"]
[BlackElo "1952"]
[PlyCount "53"]
[EventDate "2016.02.14"]
[WhiteTeam "Leeds University Old Boys"]
[BlackTeam "Anglian Avengers 2"]

1. e4 c5 2. Nf3 Nc6 3. d4 cxd4 4. Nxd4 g6 5. Nc3 Bg7 6. Be3 Nf6 7. Bc4 Qa5 8.
O-O O-O 9. Bb3 d6 10. f3 Bd7 11. Qd2 Nxd4 12. Bxd4 Bc6 13. Rad1 Rfc8 14. Kh1
Nd7 15. Nd5 Qd8 16. Bxg7 Kxg7 17. f4 Nc5 18. Qd4+ Kg8 19. f5 Nxb3 20. axb3 Bxd5
21. Qxd5 Rc5 22. Qd2 Qc7 23. c3 Re5 24. Rf3 Qd8 25. Rdf1 Qf8 26. Qf2 f6 27. Rg3
1/2-1/2

[Event "4NCL 3 South pool A"]
[Site "Telford, ENG ENG"]
[Date "2016.02.14"]
[Round "6.68"]
[White "Peck, Silas"]
[Black "Deighton, Simon"]
[Result "1/2-1/2"]
[WhiteElo "1902"]
[BlackElo "1997"]
[PlyCount "50"]
[EventDate "2016.02.14"]
[WhiteTeam "Anglian Avengers 2"]
[BlackTeam "Leeds University Old Boys"]

1. e4 c5 2. Nf3 Nc6 3. d4 cxd4 4. Nxd4 Nf6 5. Nc3 e5 6. Ndb5 d6 7. Bg5 a6 8.
Na3 b5 9. Nd5 Be7 10. Bxf6 Bxf6 11. c3 Bg5 12. Nc2 Ne7 13. Ncb4 O-O 14. a4 bxa4
15. Qxa4 Nxd5 16. Nxd5 a5 17. Bc4 Bd7 18. Qc2 Bc6 19. O-O Bxd5 20. Bxd5 Rb8 21.
Ra3 Qb6 22. b3 Qc5 23. Rfa1 Bd8 24. Qd3 Bb6 25. R3a2 Rbc8 1/2-1/2

[Event "4NCL 3 South pool A"]
[Site "Telford, ENG ENG"]
[Date "2016.02.14"]
[Round "6.69"]
[White "Clark, William G Bill"]
[Black "Sheerin, Alex"]
[Result "1/2-1/2"]
[WhiteElo "1930"]
[BlackElo "1780"]
[PlyCount "39"]
[EventDate "2016.02.14"]
[WhiteTeam "Leeds University Old Boys"]
[BlackTeam "Anglian Avengers 2"]

1. e4 c5 2. c4 Nc6 3. Nc3 g6 4. g3 Bg7 5. Bg2 Nf6 6. Nge2 O-O 7. d3 d6 8. O-O
a6 9. h3 Rb8 10. a4 Ne8 11. Be3 e5 12. Nd5 Nc7 13. Nb6 Ne6 14. Nxc8 Qxc8 15.
Nc3 Nc7 16. Qd2 b5 17. axb5 axb5 18. b3 bxc4 19. bxc4 Rb4 20. Nd5 1/2-1/2

[Event "4NCL 3 South pool A"]
[Site "Telford, ENG ENG"]
[Date "2016.02.14"]
[Round "6.70"]
[White "John, Adam"]
[Black "Harvey, John"]
[Result "1-0"]
[WhiteElo "1570"]
[BlackElo "1817"]
[PlyCount "91"]
[EventDate "2016.02.14"]
[WhiteTeam "Anglian Avengers 2"]
[BlackTeam "Leeds University Old Boys"]

1. Nf3 Nf6 2. g3 g6 3. Bg2 Bg7 4. O-O O-O 5. d3 d5 6. Nbd2 Nc6 7. Rb1 e5 8. e4
d4 9. Nc4 Nh5 10. Bg5 f6 11. Bd2 Be6 12. b3 b5 13. Na5 Nxa5 14. Bxa5 Qd7 15.
Bb4 Rfc8 16. Nh4 c5 17. Bd2 Rab8 18. f4 Bg4 19. Qe1 exf4 20. gxf4 Bh3 21. f5
Bxg2 22. Kxg2 g5 23. Qe2 Qf7 24. Nf3 Re8 25. e5 fxe5 26. Nxg5 Qd5+ 27. Ne4 Nf6
28. Qf3 Kh8 29. Bg5 Rb6 30. Kg1 Rg8 31. Kf2 Nxe4+ 32. dxe4 Qf7 33. Ke2 Bh6 34.
Bxh6 Rxh6 35. Rf2 Rh4 36. Rbf1 Rgg4 37. Kd2 Rxe4 38. f6 Rhf4 39. Qh3 Qxf6 40.
Qc8+ Kg7 41. Rg2+ Kh6 42. Qh3+ Qh4 43. Qe6+ Kh5 44. Qe8+ Kh6 45. Qe6+ Kh5 46.
Qg8 1-0

[Event "4NCL 3 South pool A"]
[Site "Telford, ENG ENG"]
[Date "2016.02.14"]
[Round "6.75"]
[White "Jones, Christopher M"]
[Black "Ferrington, Nigel M"]
[Result "0-1"]
[WhiteElo "2121"]
[BlackElo "2267"]
[PlyCount "140"]
[EventDate "2016.02.14"]
[WhiteTeam "The Rookies"]
[BlackTeam "Shropshire 1"]

1. e4 e5 2. Nf3 Nc6 3. Nc3 Nf6 4. d4 exd4 5. Nxd4 Bb4 6. Nxc6 bxc6 7. Bd3 d5 8.
exd5 O-O 9. O-O cxd5 10. Bg5 c6 11. Qf3 Bd6 12. h3 h6 13. Bxf6 Qxf6 14. Qxf6
gxf6 15. Ne2 Be6 16. Ng3 Rfd8 17. f4 Rab8 18. Rab1 c5 19. Nh5 Be7 20. f5 Bc8
21. Rbe1 Kf8 22. b3 Rb6 23. Rf4 Ba6 24. Ra4 Bxd3 25. cxd3 Rd7 26. Nf4 Bd8 27.
Rc1 Rc6 28. d4 Bb6 29. dxc5 Rxc5 30. Rxc5 Bxc5+ 31. Kf1 Bb6 32. Ke2 Re7+ 33.
Kd2 Re5 34. g4 Ke7 35. Nd3 Re3 36. h4 Rh3 37. h5 Kd6 38. b4 Rh2+ 39. Kc3 Rg2
40. b5 d4+ 41. Kb3 Rxg4 42. Ra6 Kd5 43. a4 Rg3 44. Kc2 Ke4 45. a5 Rxd3 46. axb6
Rc3+ 47. Kd2 axb6 48. Rxb6 Kxf5 49. Rb8 Kg5 50. b6 Kxh5 51. b7 Rc7 52. Kd3 Rd7
53. Rg8 Rxb7 54. Kxd4 Re7 55. Kd5 Kh4 56. Kd6 Re6+ 57. Kd5 h5 58. Rg7 Re7 59.
Kd6 Re1 60. Rxf7 Kg5 61. Rf8 h4 62. Rg8+ Kf4 63. Rh8 Kg3 64. Rg8+ Kh2 65. Rf8
Rf1 66. Kd5 h3 67. Ke4 Kh1 68. Ke3 h2 69. Rh8 Rf5 70. Rh4 Kg2 0-1

[Event "4NCL 3 South pool A"]
[Site "Telford, ENG ENG"]
[Date "2016.02.14"]
[Round "6.76"]
[White "Whyte, Brian G"]
[Black "Byron, Alan M"]
[Result "1/2-1/2"]
[WhiteElo "2080"]
[BlackElo "2122"]
[PlyCount "43"]
[EventDate "2016.02.14"]
[WhiteTeam "Shropshire 1"]
[BlackTeam "The Rookies"]

1. e4 c5 2. g3 Nc6 3. Bg2 e5 4. Ne2 h5 5. h4 d6 6. c3 g6 7. d4 Bh6 8. dxc5 dxc5
9. Qxd8+ Kxd8 10. Bxh6 Nxh6 11. Nc1 b6 12. Nd2 Ke7 13. Bf1 Bb7 14. f3 f5 15.
Be2 Rad8 16. Nd3 Rd7 17. Nf2 Rhd8 18. O-O-O Ng8 19. Nc4 Nf6 20. Rxd7+ Rxd7 21.
Rd1 Rxd1+ 22. Kxd1 1/2-1/2

[Event "4NCL 3 South pool A"]
[Site "Telford, ENG ENG"]
[Date "2016.02.14"]
[Round "6.77"]
[White "Piper, Stephen J"]
[Black "Hopkins, Jamie R"]
[Result "1-0"]
[WhiteElo "2044"]
[BlackElo "2057"]
[PlyCount "63"]
[EventDate "2016.02.14"]
[WhiteTeam "The Rookies"]
[BlackTeam "Shropshire 1"]

1. c4 c5 2. Nc3 Nc6 3. g3 g6 4. Bg2 Bg7 5. d3 d6 6. e4 e5 7. Nge2 Nge7 8. O-O
O-O 9. Rb1 Rb8 10. a3 a6 11. b4 cxb4 12. axb4 b5 13. cxb5 axb5 14. Nd5 Nxd5 15.
exd5 Ne7 16. d4 Bb7 17. dxe5 dxe5 18. Nc3 e4 19. Nxe4 Bxd5 20. Bg5 f6 21. Bf4
Rb6 22. Be3 Rb7 23. Nc5 Bxg2 24. Kxg2 Qc7 25. Ne6 Qc6+ 26. Qf3 Qxf3+ 27. Kxf3
Nc6 28. Bc5 Rc8 29. Rfd1 f5 30. Kg2 Re8 31. Rd6 Ne5 32. Rbd1 1-0

[Event "4NCL 3 South pool A"]
[Site "Telford, ENG ENG"]
[Date "2016.02.14"]
[Round "6.78"]
[White "Gostelow, David W"]
[Black "Gibson, Christopher A"]
[Result "1/2-1/2"]
[WhiteElo "2050"]
[BlackElo "1956"]
[PlyCount "72"]
[EventDate "2016.02.14"]
[WhiteTeam "Shropshire 1"]
[BlackTeam "The Rookies"]

1. d4 Nf6 2. Bf4 g6 3. Nf3 Bg7 4. e3 O-O 5. h3 d6 6. Be2 c5 7. c3 Qb6 8. b3 Nc6
9. O-O Nd5 10. Bg5 cxd4 11. exd4 Bf5 12. Bc4 Bxb1 13. Bxd5 Bf5 14. Re1 e5 15.
Be3 Qc7 16. Rc1 Ne7 17. Bc4 Be4 18. Bg5 Bf5 19. g4 Bc8 20. dxe5 dxe5 21. Qe2
Nc6 22. Qe3 Kh8 23. Bh6 Re8 24. Rcd1 f6 25. Rd2 Rd8 26. Red1 Bd7 27. Bxg7+ Kxg7
28. Kg2 Be8 29. Qc5 Rxd2 30. Rxd2 Rd8 31. Rxd8 Qxd8 32. Qd5 Qxd5 33. Bxd5 Nd8
34. Nd2 Bc6 35. Bxc6 Nxc6 36. f3 Kf7 1/2-1/2

[Event "4NCL 3 South pool A"]
[Site "Telford, ENG ENG"]
[Date "2016.02.14"]
[Round "6.79"]
[White "Jaszkiwskyj, Peter"]
[Black "Bryant, Richard B E"]
[Result "1-0"]
[WhiteElo "1982"]
[BlackElo "2057"]
[PlyCount "153"]
[EventDate "2016.02.14"]
[WhiteTeam "The Rookies"]
[BlackTeam "Shropshire 1"]

1. e4 e6 2. d4 d5 3. Nd2 Nf6 4. e5 Nfd7 5. Bd3 c5 6. c3 Nc6 7. Ne2 cxd4 8. cxd4
f6 9. exf6 Nxf6 10. Nf3 Bd6 11. O-O Qc7 12. Bg5 O-O 13. Rc1 h6 14. Bh4 Nh5 15.
Bb1 Rxf3 16. gxf3 Bxh2+ 17. Kg2 Bd6 18. Qd3 Nf6 19. Rh1 Qf7 20. Qg6 Ne7 21.
Qxf7+ Kxf7 22. Bg3 Nf5 23. Bxf5 Bxg3 24. Bxe6+ Kxe6 25. fxg3 Kd6 26. Nf4 Bf5
27. Rc5 Re8 28. Kf2 Re7 29. Re1 Rf7 30. Re5 Bb1 31. Kg2 b6 32. Rc1 Bxa2 33. Ra1
g5 34. Re6+ Kd7 35. Rxf6 Rxf6 36. Nh5 Rc6 37. Rxa2 Rc2+ 38. Kf1 a5 39. Ng7 Rh2
40. g4 Kc6 41. Nf5 Kb5 42. Ne3 Rd2 43. Nxd5 Rxd4 44. Nc3+ Kc6 45. Ke2 Rb4 46.
Nd1 h5 47. gxh5 Rh4 48. Nc3 g4 49. fxg4 Rxg4 50. Ra4 Rg2+ 51. Kd3 Rh2 52. Rc4+
Kb7 53. Nb5 Rxh5 54. Nd6+ Ka6 55. Kc3 Rh3+ 56. Kc2 Rh5 57. Rc8 Ka7 58. Rc7+ Ka6
59. Rc6 Rh2+ 60. Kb3 Rh5 61. Ka4 Rh4+ 62. Ka3 Rb4 63. b3 Ka7 64. Rc4 Rxc4 65.
bxc4 Kb8 66. Ka4 Kc7 67. Nb5+ Kc6 68. Kb3 Kc5 69. Kc3 Kc6 70. Kd4 Kb7 71. Kd5
Ka6 72. Kc6 a4 73. Na3 Ka5 74. Nc2 Ka6 75. Kc7 Ka7 76. Nb4 a3 77. Kc6 1-0

[Event "4NCL 3 South pool A"]
[Site "Telford, ENG ENG"]
[Date "2016.02.14"]
[Round "6.85"]
[White "Truran, Michael C"]
[Black "Rudd, Jack"]
[Result "1/2-1/2"]
[WhiteElo "2117"]
[BlackElo "2257"]
[PlyCount "53"]
[EventDate "2016.02.14"]
[WhiteTeam "Oxford 2"]
[BlackTeam "West is Best 1"]

1. Nf3 d6 2. d4 Bg4 3. c4 Nf6 4. h3 Bxf3 5. exf3 g6 6. Nc3 Bg7 7. Qb3 Qc8 8.
Be3 O-O 9. Be2 Nfd7 10. O-O-O c5 11. d5 Na6 12. h4 h5 13. Bg5 Nf6 14. Ne4 Nxe4
15. fxe4 f6 16. Bd2 Nc7 17. Qh3 Qxh3 18. Rxh3 e6 19. g4 hxg4 20. Bxg4 f5 21.
exf5 gxf5 22. Bf3 exd5 23. Bxd5+ Nxd5 24. cxd5 Be5 25. Bc3 Rae8 26. Bxe5 Rxe5
27. Rg3+ 1/2-1/2

[Event "4NCL 3 South pool A"]
[Site "Telford, ENG ENG"]
[Date "2016.02.14"]
[Round "6.86"]
[White "Edgell, Ben P"]
[Black "Brackmann, Hendrik"]
[Result "1/2-1/2"]
[WhiteElo "2135"]
[BlackElo "2030"]
[PlyCount "129"]
[EventDate "2016.02.14"]
[WhiteTeam "West is Best 1"]
[BlackTeam "Oxford 2"]

1. Nf3 c5 2. c4 Nc6 3. Nc3 Nf6 4. g3 g6 5. Bg2 Bg7 6. O-O O-O 7. d4 cxd4 8.
Nxd4 Ng4 9. e3 d6 10. h3 Nge5 11. b3 Rb8 12. f4 Nxd4 13. exd4 Nc6 14. Be3 e5
15. fxe5 dxe5 16. d5 Nd4 17. Qd2 Qa5 18. Rad1 Qxc3 19. Qxc3 Ne2+ 20. Kh2 Nxc3
21. Rd2 f5 22. Bxa7 Ra8 23. Bc5 Rf7 24. a4 Ne4 25. Bxe4 fxe4 26. Rxf7 Kxf7 27.
Re2 Ra6 28. g4 Rf6 29. Rxe4 Rf3 30. b4 Rf4 31. Rxf4+ exf4 32. Kg2 g5 33. b5 Bc3
34. Kf3 Ba5 35. Bd6 Ke8 36. Be5 Kd7 37. c5 Bc7 38. c6+ bxc6 39. dxc6+ Kd8 40.
Bf6+ Ke8 41. Bxg5 Be6 42. Bxf4 Ba5 43. Ke4 Bb3 44. Kf5 Bxa4 45. Kg5 Bxb5 46.
Kh6 Bd3 47. h4 Bb4 48. Be5 Bf8+ 49. Bg7 Bd6 50. Bd4 Kf7 51. h5 Bf8+ 52. Kg5 Ke6
53. c7 Kd7 54. Be5 Bc5 55. Bf4 Be7+ 56. Kh6 Bf8+ 57. Kg5 Bg7 58. Kh4 Bf6+ 59.
Kg3 Bd4 60. g5 Bb6 61. g6 Bxg6 62. hxg6 hxg6 63. Kg4 Bxc7 64. Bxc7 Ke6 65. Bf4
1/2-1/2

[Event "4NCL 3 South pool A"]
[Site "Telford, ENG ENG"]
[Date "2016.02.14"]
[Round "6.87"]
[White "Terry, Sean"]
[Black "Littlejohns, David P"]
[Result "1/2-1/2"]
[WhiteElo "1908"]
[BlackElo "2000"]
[PlyCount "100"]
[EventDate "2016.02.14"]
[WhiteTeam "Oxford 2"]
[BlackTeam "West is Best 1"]

1. e4 c6 2. b3 d5 3. Bb2 dxe4 4. Nc3 Nf6 5. Nge2 Bg4 6. h3 Bxe2 7. Qxe2 e6 8.
Nxe4 Nxe4 9. Qxe4 Nd7 10. Bc4 Nf6 11. Qf3 Be7 12. d4 O-O 13. O-O Nd5 14. a3 Bf6
15. Rad1 Qd6 16. Rfe1 Rfd8 17. Bc1 Ne7 18. Bd3 Ng6 19. b4 Qd5 20. Be4 Qd6 21.
c3 Qc7 22. Bxg6 hxg6 23. Bf4 Qe7 24. Be5 Rd7 25. Bxf6 Qxf6 26. Qxf6 gxf6 27.
Rb1 Rd5 28. Re3 Kf8 29. Kf1 Ke7 30. Ke2 Rg5 31. g3 Rd5 32. Kf3 b6 33. a4 g5 34.
g4 Rh8 35. Kg2 Kd7 36. Rf1 e5 37. Rfe1 Re8 38. Re4 Re6 39. dxe5 Rexe5 40. Rxe5
fxe5 41. c4 Rd4 42. Rxe5 f6 43. Rf5 Ke6 44. b5 Rxc4 45. a5 cxb5 46. axb6 axb6
47. Rxb5 Rc6 48. f4 gxf4 49. Kf3 Rc3+ 50. Kxf4 Rxh3 1/2-1/2

[Event "4NCL 3 South pool A"]
[Site "Telford, ENG ENG"]
[Date "2016.02.14"]
[Round "6.88"]
[White "Bullen, Alex"]
[Black "Idle, Oscar"]
[Result "1-0"]
[WhiteElo "2016"]
[BlackElo "1840"]
[PlyCount "39"]
[EventDate "2016.02.14"]
[WhiteTeam "West is Best 1"]
[BlackTeam "Oxford 2"]

1. e4 c5 2. Nf3 d6 3. d4 cxd4 4. Nxd4 Nf6 5. Nc3 a6 6. Bc4 e6 7. Bb3 Be7 8. g4
b5 9. g5 Ng8 10. Rg1 Qc7 11. Qf3 Nc6 12. Be3 Ne5 13. Qh3 Nc4 14. g6 Nf6 15.
gxf7+ Kxf7 16. O-O-O b4 17. Nce2 a5 18. Nf4 a4 19. Nfxe6 axb3 20. Rxg7+ 1-0

[Event "4NCL 3 South pool A"]
[Site "Telford, ENG ENG"]
[Date "2016.02.14"]
[Round "6.89"]
[White "Neatherway, A Philip"]
[Black "Taylor, William J"]
[Result "0-1"]
[WhiteElo "1837"]
[BlackElo "1966"]
[PlyCount "36"]
[EventDate "2016.02.14"]
[WhiteTeam "Oxford 2"]
[BlackTeam "West is Best 1"]

1. e4 e5 2. Nf3 Nc6 3. Bb5 a6 4. Ba4 Nf6 5. Qe2 b5 6. Bb3 Bc5 7. c3 O-O 8. O-O
d5 9. d3 d4 10. Nbd2 Qd6 11. c4 Nh5 12. g3 Bg4 13. Re1 Qf6 14. cxb5 Ne7 15. Bd1
Ng6 16. Nf1 Bb4 17. Kg2 Bxf3+ 18. Qxf3 Bxe1 0-1